000
00212nam a2200097Ia 4500
008
240331s9999 xx 000 0 und d
082
_b
SIV
100
_a
Sivasankarapillai,T
245
0
_a
Thottiyin magan
942
_c
L
999
_c
3844
_d
3844